| Поле | Инд. | ПП | Название | Значение |
|---|---|---|---|---|
| Тип записи | a | |||
| Библиографический уровень | m | |||
| 001 | Контрольный номер | cee32ed5-7a6a-4b9f-868f-2b729c088581 | ||
| 005 | Дата корректировки | 20140703152727.7 | ||
| 008 | Кодируемые данные | 070306 | ||
| 020 | c | Цена, тираж | б/ц | |
| 040 | a | Служба первич. каталог. | НБ ТвГУ | |
| 041 | a | Код языка текста | rus | |
| 080 | a | Индекс УДК | 821.161.1.09(043.3) | |
| 084 | a | Индекс другой классификации/Индекс ББК | Ш5(2=411.2)6-34я031 | |
| 090 | x | Авторский знак | Р93 | |
| a | Полочн. индекс | Ш5(2=411.2) | ||
| 100 | 1_ | a | Автор | Рыжков Тимур Валерьевич |
| 245 | 10 | a | Заглавие | Эсхатологический сюжет в русской прозе рубежа XX-XXI веков |
| b | Продолж. заглавия | автореф. дис. ... канд. филол. наук : 10.01.01 | ||
| c | Ответственность | Кубан. гос. ун-т, Каф. зарубеж. лит. | ||
| 260 | 0_ | a | Место издания | Армавир |
| b | Издательство | Просвещение-Юг | ||
| c | Дата издания | 2006 | ||
| 300 | a | Объем | 26 с. | |
| 504 | a | Библиография | Библиогр. в конце кн. | |
| 583 | a | Действие | Получение впервые 43 05.03.2007 | |
| 650 | a | Основная рубрика | Русская литература | |
| x | Основная подрубрика | История | ||
| x | Основная подрубрика | Проза | ||
| y | Хронологическая подрубрика | 20-21 вв. | ||
| 650 | a | Основная рубрика | Русская проза | |
| 650 | a | Основная рубрика | Сюжеты литературные | |
| 653 | a | Ключевые слова | Русская литература | |
| a | Ключевые слова | Русская проза | ||
| a | Ключевые слова | Проза | ||
| a | Ключевые слова | Литературные сюжеты | ||
| a | Ключевые слова | Сюжет (лит.) | ||
| a | Ключевые слова | Эсхатологические сюжеты | ||
| a | Ключевые слова | Авторефераты | ||
| 852 | t | Порядковый номер экземпляра | 1 | |
| p | Инвентарный номер | б/н | ||
| 888 | a | Бесплатные | ||
| 930 | a | Новая/Ретро | авторефераты | |
| 952 | p | 43.2007 б/ц 1 б/н | ||
| c | Вид литературы | А/Р н | ||
| 954 | a | Дата поступления на обработку | 20070306 | |
| 999 | a | Подразделение 2 | ч.з. |